000 00634nam a2200229Ia 4500
005 20250508162829.0
008 008 250505s9999 xx 000 0 eng d
020 _a0-03-006758-8
037 _aTextBook
040 _aFEDL
_beng
_cFEDL
041 _aeng
_2eng
084 _a150, CRO
_qFEDL
100 _aCrooks Robert L
_9774136
245 0 _aPsychology science, behavior and life
260 _aNew York, USA
_bHolt, Rinehart and Winston, Inc.
_c1988
300 _axxii,739p
365 _aUSD
_b32
650 _aPsychology
700 _a Stein Jean
_9774137
942 _cTB
_h150, CRO
999 _c1378931
_d1378931